| 000 | 01823caa0 2200373 iw4500 | ||
|---|---|---|---|
| 001 | BY-MI0003-br144728 | ||
| 005 | 20260603180121.0 | ||
| 035 | ^a(BY-MI0003)BY-MI0003-br144728 | ||
| 100 | ^a20260525j20260521u y0rusy50 ca | ||
| 101 | 0 | ^arus | |
| 102 | ^aBY | ||
| 200 | 1 |
^a83 грамма марихуаны из придорожных кустов ^fВлади Артеева |
|
| 330 | ^aЕще один случай употребления наркотических средств. | ||
| 463 | 1 |
^12001 ^aШахцёр ^v2026. — 21 мая (№ 21). — С. 7. |
|
| 606 |
^aКРЫМІНАЛЬНАЕ ЗАКАНАДАЎСТВА ^3BY-NLB-ar35048 ^2DVNLB |
||
| 606 |
^aУГОЛОВНОЕ ЗАКОНОДАТЕЛЬСТВО ^3BY-NLB-ar35047 ^2DVNLB |
||
| 606 |
^aСУДОВЫЯ СПРАВЫ ^3BY-NLB-ar66841 ^2DVNLB |
||
| 606 |
^aСУДЕБНЫЕ ДЕЛА ^3BY-NLB-ar66840 ^2DVNLB |
||
| 606 |
^aНАРКОТЫКІ ^3BY-NLB-ar19601 ^2DVNLB |
||
| 606 |
^aНАРКОТИКИ ^3BY-NLB-ar19600 ^2DVNLB |
||
| 607 |
^aСалігорскі раён (Мінская вобласць) ^3BY-NLB-ar2174172 ^2BY-auth |
||
| 607 |
^aСолигорский район (Минская область) ^3BY-NLB-ar2174644 ^2BY-auth |
||
| 607 |
^aСалігорск, горад (Мінская вобласць) ^3BY-NLB-ar30867 ^2BY-auth |
||
| 607 |
^aСолигорск, город (Минская область) ^3BY-NLB-ar30866 ^2BY-auth |
||
| 615 |
^aБелорусский национальный документ ^2DVNLB ^3BY-SEK-ar1826174 |
||
| 686 |
^aМ226.5 ^2rubbk |
||
| 690 |
^a4 ^2Base ^9BY-MI0003 ^xRSEK |
||
| 700 | 1 |
^aАртеева ^bВ. ^gВлади ^cжурналист |
|
| 801 | 0 |
^aBY ^bBY-MI0003 ^c20260525 ^gRCR |
|
| 899 | 0 | ^aBY-MI0003 | |